Statistics for Countries of the World On the Superpower Index

Click here to take the quiz!

General Stats

  • This quiz has been taken 741 times
  • The average score is 30 of 164

Answer Stats

ScoreRankHintCountry% Correct
94SuperpowerU..United States
100%
90SuperpowerCChina
97%
91SuperpowerFFrance
97%
93SuperpowerU..United Kingdom
97%
86Superior PowerGGermany
95%
82Superior PowerRRussia
92%
83Superior PowerJJapan
91%
81Superior PowerIIndia
89%
80Superior PowerBBrazil
86%
83Superior PowerCCanada
85%
76Greater PowerAAustralia
74%
79Greater PowerS..South Korea
71%
75Greater PowerIItaly
66%
75Greater PowerSSpain
60%
76Greater PowerIIsrael
55%
74Greater PowerSSweden
51%
72Greater PowerTTurkey
47%
66Rising PowerU..United Arab Emirates
47%
73Greater PowerNNetherlands
46%
66Rising PowerDDenmark
45%
67Rising PowerIIndonesia
42%
74Greater PowerTTaiwan
41%
71Greater PowerS..Saudi Arabia
40%
73Greater PowerSSwitzerland
39%
66Rising PowerMMexico
38%
60Rising PowerVVietnam
38%
69Rising PowerTThailand
37%
68Rising PowerNNorway
36%
63Rising PowerPPoland
36%
50Middle PowerQQatar
35%
65Rising PowerAAustria
34%
64Rising PowerEEgypt
34%
62Rising PowerAArgentina
31%
56Middle PowerFFinland
30%
60Rising PowerIIran
30%
62Rising PowerPPakistan
28%
57Middle PowerS..South Africa
26%
56Middle PowerGGreece
24%
59Middle PowerCColombia
23%
62Rising PowerMMalaysia
23%
66Rising PowerSSingapore
23%
44Lesser Middle PowerHHungary
22%
48Lesser Middle PowerRRomania
22%
47Lesser Middle PowerUUkraine
22%
59Middle PowerCChile
21%
54Middle PowerPPortugal
21%
48Lesser Middle PowerBBelgium
20%
52Middle PowerIIreland
20%
53Middle PowerN..New Zealand
20%
54Middle PowerPPhilippines
20%
39Mogul LeaderVVenezuela
20%
38Mogul LeaderJJordan
19%
51Middle PowerPPeru
19%
46Lesser Middle PowerM/BMyanmar
18%
50Middle PowerNNigeria
17%
55Middle PowerC..Czech Republic
16%
39Mogul LeaderKKazakhstan
16%
24Lesser PowerYYemen
16%
9Weakest PowerG..Guinea Bissau
15%
43Lesser Middle PowerN..North Korea
15%
31Mogul LeaderOOman
15%
39Mogul LeaderUUruguay
15%
25Lesser PowerZZambia
15%
22Lesser PowerZZimbabwe
15%
49Lesser Middle PowerMMorocco
14%
43Lesser Middle PowerAAlgeria
13%
10Inferior PowerEEritrea
13%
46Lesser Middle PowerLLuxembourg
13%
24Lesser PowerJJamaica
11%
37Mogul LeaderUUzbekistan
11%
41Lesser Middle PowerBBelarus
10%
38Mogul LeaderEEcuador
10%
61Rising PowerH..Hong Kong
10%
34Mogul LeaderIIraq
10%
37Mogul LeaderEEthiopia
9%
35Mogul LeaderKKenya
9%
36Mogul LeaderKKuwait
9%
38Mogul LeaderPPanama
9%
41Lesser Middle PowerS..Sri Lanka
9%
37Mogul LeaderAAzerbaijan
8%
11Inferior PowerGGambia
8%
37Mogul LeaderCCroatia
7%
28Lesser PowerD..Democratic Republic of the Congo
7%
13Inferior PowerE..East Timor
7%
17Inferior PowerHHaiti
7%
33Mogul LeaderIIceland
7%
13Inferior PowerP..Papua New Guinea
7%
39Mogul LeaderBBangladesh
6%
26Lesser PowerHHonduras
6%
13Inferior PowerLLiberia
6%
25Lesser PowerUUganda
6%
32Mogul LeaderAAngola
5%
35Mogul LeaderBBolivia
5%
12Inferior PowerBBurundi
5%
28Lesser PowerD..Dominican Republic
5%
24Lesser PowerKKosovo
5%
34Mogul LeaderLLebanon
5%
32Mogul LeaderSSerbia
5%
34Mogul LeaderSSlovakia
5%
12Inferior PowerSSomalia
5%
35Mogul LeaderTTunisia
5%
32Mogul LeaderBBulgaria
4%
17Inferior PowerC..Central African Republic
4%
34Mogul LeaderCCuba
4%
17Inferior PowerDDjibouti
4%
29Lesser PowerEEstonia
4%
27Lesser PowerLLatvia
4%
29Lesser PowerLLithuania
4%
12Inferior PowerMMauritania
4%
14Inferior PowerR..Republic of the Congo
4%
30Mogul LeaderSSlovenia
4%
16Inferior PowerS..South Sudan
4%
24Lesser PowerAArmenia
3%
20Lesser PowerB..Bosnia and Herzegovina
3%
19Inferior PowerB..Burkina Faso
3%
28Lesser PowerC..Costa Rica
3%
27Lesser PowerE..El Salvador
3%
27Lesser PowerGGeorgia
3%
25Lesser PowerGGhana
3%
28Lesser PowerGGuatemala
3%
14Inferior PowerGGuinea
3%
21Lesser PowerKKyrgyzstan
3%
18Inferior PowerLLesotho
3%
19Inferior PowerRRwanda
3%
26Lesser PowerT..Trinidad and Tobago
3%
30Mogul LeaderTTurkmenistan
3%
25Lesser PowerAAfghanistan
2%
25Lesser PowerAAlbania
2%
27Lesser Power BBahrain
2%
16Inferior PowerBBenin
2%
20Lesser PowerBBhutan
2%
28Lesser PowerBBotswana
2%
29Lesser PowerBBrunei
2%
28Lesser PowerCCambodia
2%
21Lesser PowerCChad
2%
29Lesser PowerCCyprus
2%
20Lesser PowerGGabon
2%
18Inferior PowerGGuyana
2%
21Lesser PowerLLaos
2%
25Lesser PowerLLibya
2%
16Inferior PowerMMalawi
2%
16Inferior PowerMMali
2%
28Lesser PowerNNepal
2%
24Lesser PowerNNicaragua
2%
17Inferior PowerNNiger
2%
27Lesser PowerPParaguay
2%
14Inferior PowerS..Sierra Leone
2%
28Lesser PowerSSudan
2%
28Lesser PowerSSyria
2%
28Lesser PowerTTanzania
2%
14Inferior PowerTTogo
2%
18Inferior PowerCCameroon
1%
19Inferior PowerC..Cote D'ivoire
1%
22Lesser PowerMMacedonia
1%
17Inferior PowerMMadagascar
1%
28Lesser PowerMMalta
1%
16Inferior PowerMMoldova
1%
27Lesser PowerMMongolia
1%
20Lesser PowerMMontenegro
1%
20Lesser PowerMMozambique
1%
20Lesser Power NNamibia
1%
18Inferior PowerSSenegal
1%
22Lesser PowerSSuriname
1%
18Inferior PowerTTajikistan
1%

Score Distribution

Percentile by Number Answered

Percent of People with Each Score

Your Score History

You have not taken this quiz